000 00676nam a2200193 i 4500
001 68526
003 ES-MaACL
005 20250809024229.0
007 t|
008 960806s1900 uy |||| | spa d
100 1 _aGarcía-Ontiveros y Laplana, Felipe.
_955050
245 1 0 _aExiste el derecho internacional?
_b: conferencia dada en el Ateneo de Montevideo ... /
_cpor Felipe García-Ontiveros y Laplana ...
260 _aMontevideo :
_b[s.n.],
_c1900 (
_fImp. y Litografía "La razón")
300 _a29 p. ;
_c27 cm.
650 0 7 _aDerecho internacional
_2embne
_911717
710 2 _aAteneo de Montevideo.
_92017
852 _aES-MaACL
_jT-980-F-8
999 _c68526
_d68526